00493nam a2200169Ia 4500003000400000008004100004040001600045082001200061100002400073245010600097260004200203300000800245650001500253650001200268650002300280650002000303GCL140319s9999 xx 000 0 eng d aGCL / cGCL04a863bGH1 aGUAL, CARLOS GARCIA10aHISTORIA DEL VEY ARTURO YD LOS NOBLES YERRONTES COALLEROS DE LA TABLA REDONDA / cGUAL, CARLOS GARCIA a[S.N] : bALIANZA EDITORIAL ، c1984 a20504aLITERATURE04aFICTION04aSPANISH LITERATURE04aSPANISH FICTION